000 00743cam a22002533a 4500
001 11277
003 PGUSA
005 20140828083235.0
008 040201s2004||||xxu|||||s|||||000 | eng d
040 _aPGUSA
_beng
042 _adc
050 4 _aBL
100 1 _aBudge, E. A. Wallis,
_cSir
_q(Ernest Alfred Wallis),
_d1857-1934
245 1 0 _aEgyptian Ideas of the Future Life
_h[electronic resource] /
_cE. A. Wallis, Budge
260 _bProject Gutenberg,
_c2004
506 _aPublic domain in the USA.
516 _aElectronic text
653 _aEgypt -- Religion
653 _aFuture life
653 _aEschatology, Egyptian
830 0 _aProject Gutenberg
_v11277
856 4 0 _uhttp://www.gutenberg.org/ebooks/11277
942 _cEB
999 _c240532
_d240532